|
|
|
|
| LEADER |
02916nam a22005415i 4500 |
| 001 |
978-3-642-54376-0 |
| 003 |
DE-He213 |
| 005 |
20151204145019.0 |
| 007 |
cr nn 008mamaa |
| 008 |
140912s2015 gw | s |||| 0|eng d |
| 020 |
|
|
|a 9783642543760
|9 978-3-642-54376-0
|
| 024 |
7 |
|
|a 10.1007/978-3-642-54376-0
|2 doi
|
| 040 |
|
|
|d GrThAP
|
| 050 |
|
4 |
|a HD28-70
|
| 072 |
|
7 |
|a KJMV6
|2 bicssc
|
| 072 |
|
7 |
|a PDG
|2 bicssc
|
| 072 |
|
7 |
|a BUS087000
|2 bisacsh
|
| 082 |
0 |
4 |
|a 658.514
|2 23
|
| 100 |
1 |
|
|a Gaubinger, Kurt.
|e author.
|
| 245 |
1 |
0 |
|a Innovation and Product Management
|h [electronic resource] :
|b A Holistic and Practical Approach to Uncertainty Reduction /
|c by Kurt Gaubinger, Michael Rabl, Scott Swan, Thomas Werani.
|
| 264 |
|
1 |
|a Berlin, Heidelberg :
|b Springer Berlin Heidelberg :
|b Imprint: Springer,
|c 2015.
|
| 300 |
|
|
|a XVI, 327 p. 199 illus.
|b online resource.
|
| 336 |
|
|
|a text
|b txt
|2 rdacontent
|
| 337 |
|
|
|a computer
|b c
|2 rdamedia
|
| 338 |
|
|
|a online resource
|b cr
|2 rdacarrier
|
| 347 |
|
|
|a text file
|b PDF
|2 rda
|
| 490 |
1 |
|
|a Springer Texts in Business and Economics,
|x 2192-4333
|
| 505 |
0 |
|
|a Part I: Fundamentals of Innovation and Product Management -- Part II: Process of Innovation and Product Management -- Part III: Innovation and Product Management -- Broadening the Topic.
|
| 520 |
|
|
|a Marketplace complexity and dynamics create an environment that increases the uncertainty of innovation activities . In this context systematic management of innovation and product management are increasingly important for company success. This book presents the fundamentals of innovation and product management and introduces the reader to a holistic process model with particular focus on innovation and uncertainty. This integrated consideration of innovation management and product innovation within an interdisciplinary approach represents a unique characteristic of this book. The book is designed to address the needs of managers who want a practical but well-researched guide to innovation and product management. Graduate and advanced undergraduate students would also find the chapters in this book particularly useful.
|
| 650 |
|
0 |
|a Business.
|
| 650 |
|
0 |
|a Marketing.
|
| 650 |
|
0 |
|a Management.
|
| 650 |
|
0 |
|a Industrial management.
|
| 650 |
|
0 |
|a Production management.
|
| 650 |
1 |
4 |
|a Business and Management.
|
| 650 |
2 |
4 |
|a Innovation/Technology Management.
|
| 650 |
2 |
4 |
|a Operations Management.
|
| 650 |
2 |
4 |
|a Marketing.
|
| 700 |
1 |
|
|a Rabl, Michael.
|e author.
|
| 700 |
1 |
|
|a Swan, Scott.
|e author.
|
| 700 |
1 |
|
|a Werani, Thomas.
|e author.
|
| 710 |
2 |
|
|a SpringerLink (Online service)
|
| 773 |
0 |
|
|t Springer eBooks
|
| 776 |
0 |
8 |
|i Printed edition:
|z 9783642543753
|
| 830 |
|
0 |
|a Springer Texts in Business and Economics,
|x 2192-4333
|
| 856 |
4 |
0 |
|u http://dx.doi.org/10.1007/978-3-642-54376-0
|z Full Text via HEAL-Link
|
| 912 |
|
|
|a ZDB-2-SBE
|
| 950 |
|
|
|a Business and Economics (Springer-11643)
|